Detalles MARC
| 000 -LEADER |
| campo de control de longitud fija |
02364nam a2200661 i 4500 |
| 001 - NÚMERO DE CONTROL |
| campo de control |
196228 |
| 003 - IDENTIFICADOR DE NÚMERO DE CONTROL |
| campo de control |
ES-MaACL |
| 005 - FECHA Y HORA DE LA ÚLTIMA TRANSACCIÓN |
| campo de control |
20250826062535.0 |
| 007 - CAMPO FIJO DE DESCRIPCIÓN FÍSICA--INFORMACIÓN GENERAL |
| campo de control de longitud fija |
ta |
| 008 - DATOS DE LONGITUD FIJA--INFORMACIÓN GENERAL |
| campo de control de longitud fija |
240820s1984||||fr a frb z100 m fre d |
| 015 ## - NÚMERO DE BIBLIOGRAFÍA NACIONAL |
| Número de bibliografía nacional |
FR08514972 |
| 017 ## - NÚMERO DE COPYRIGHT O DE DEPÓSITO LEGAL |
| Número de copyright o de depósito legal |
D.L. 84-28379 |
| Agencia que asigna |
FR |
| 020 ## - NÚMERO INTERNACIONAL ESTÁNDAR DEL LIBRO |
| Número Internacional Estándar del Libro |
9782862622316 |
| 020 ## - NÚMERO INTERNACIONAL ESTÁNDAR DEL LIBRO |
| Número Internacional Estándar del Libro |
2862622311 |
| Condiciones de disponibilidad |
119 FRF |
| 024 3# - IDENTIFICADOR DE OTROS ESTÁNDARES |
| Número estándar o código |
9782862622316 |
| 035 ## - NÚMERO DE CONTROL DEL SISTEMA |
| Número de control de sistema |
010086633 |
| 035 ## - NÚMERO DE CONTROL DEL SISTEMA |
| Número de control de sistema |
(OCoLC)461752931 |
| 035 ## - NÚMERO DE CONTROL DEL SISTEMA |
| Número de control de sistema |
ocm11465918 |
| 035 ## - NÚMERO DE CONTROL DEL SISTEMA |
| Número de control de sistema |
sib0292335 |
| 035 ## - NÚMERO DE CONTROL DEL SISTEMA |
| Número de control de sistema |
urouen19478 |
| 035 ## - NÚMERO DE CONTROL DEL SISTEMA |
| Número de control de sistema |
sib1147222 |
| 035 ## - NÚMERO DE CONTROL DEL SISTEMA |
| Número de control de sistema |
frBN002582371 |
| 035 ## - NÚMERO DE CONTROL DEL SISTEMA |
| Número de control de sistema |
FRBNF347724210000006 |
| Número de control cancelado/no válido |
FRBNF34772421 |
| 035 ## - NÚMERO DE CONTROL DEL SISTEMA |
| Número de control de sistema |
flora22160 |
| 035 ## - NÚMERO DE CONTROL DEL SISTEMA |
| Número de control de sistema |
000834254 |
| 040 ## - FUENTE DE CATALOGACIÓN |
| Centro catalogador/agencia de origen |
ABES |
| Lengua de catalogación |
fre |
| Normas de descripción |
AFNOR |
| Centro/agencia transcriptor |
ES-MaACL |
| 041 0# - CÓDIGO DE IDIOMA |
| Fuente del código |
639-2 |
| 050 #4 - SIGNATURA TOPOGRÁFICA DE LA BIBLIOTECA DEL CONGRESO |
| Número de clasificación |
PQ1979 |
| Número de ítem |
.I57 1984 |
| 080 ## - NÚMERO DE LA CLASIFICACIÓN DECIMAL UNIVERSAL |
| Número de la Clasificación Decimal Universal |
80 |
| Identificador de la edición |
Éd. 1967 |
| 082 0# - NÚMERO DE LA CLASIFICACIÓN DECIMAL DEWEY |
| Número de clasificación |
400 |
| 999 ## - NÚMEROS DE CONTROL DE SISTEMA (KOHA) |
| Koha Subclase de Dewey [OBSOLETO] |
1MAGX |
| 999 ## - NÚMEROS DE CONTROL DE SISTEMA (KOHA) |
| Koha Subclase de Dewey [OBSOLETO] |
384212101l2 |
| 999 ## - NÚMEROS DE CONTROL DE SISTEMA (KOHA) |
| Koha Subclase de Dewey [OBSOLETO] |
0XDM |
| 999 ## - NÚMEROS DE CONTROL DE SISTEMA (KOHA) |
| Koha Subclase de Dewey [OBSOLETO] |
870852107a |
| 999 ## - NÚMEROS DE CONTROL DE SISTEMA (KOHA) |
| Koha Subclase de Dewey [OBSOLETO] |
341722103a |
| 999 ## - NÚMEROS DE CONTROL DE SISTEMA (KOHA) |
| Koha Subclase de Dewey [OBSOLETO] |
861942101b |
| 999 ## - NÚMEROS DE CONTROL DE SISTEMA (KOHA) |
| Koha Subclase de Dewey [OBSOLETO] |
315552102a |
| 999 ## - NÚMEROS DE CONTROL DE SISTEMA (KOHA) |
| Koha Subclase de Dewey [OBSOLETO] |
930662101m2 |
| 100 ## - ENTRADA PRINCIPAL--NOMBRE DE PERSONA |
| Número de control del registro de autoridad o número normalizado |
(IdRef)026868741 |
| URI de un objeto del mundo real |
http://www.idref.fr/026868741/id |
| Nombre de persona |
Fontenay, Élisabeth de, |
| Fechas asociadas al nombre |
1934- |
| 9 (RLIN) |
238534 |
| 245 10 - MENCIÓN DEL TÍTULO |
| Título |
Interpréter Diderot aujourd'hui : |
| Resto del título |
[actes de colloque de Cerisy, 11-21 juillet 1983] / |
| Mención de responsabilidad, etc. |
Centre culturel international de Cerisy-la-Salle ; sous la direction d'E. de Fontenay et J. Proust. |
| 264 #1 - PRODUCCIÓN, PUBLICACIÓN, DISTRIBUCIÓN, FABRICACIÓN Y COPYRIGHT |
| Producción, publicación, distribución, fabricación y copyright |
Paris : |
| Nombre del de productor, editor, distribuidor, fabricante |
Le Sycomore, |
| Fecha de producción, publicación, distribución, fabricación o copyright |
DL 1984. |
| 300 ## - DESCRIPCIÓN FÍSICA |
| Extensión |
319 p. : |
| Otras características físicas |
il. ; |
| Dimensiones |
21 cm. |
| 336 ## - TIPO DE CONTENIDO |
| Código de tipo de contenido |
txt |
| Fuente |
rdacontent |
| Término de tipo de contenido |
texto |
| 337 ## - TIPO DE MEDIO |
| Código del tipo de medio |
n |
| Fuente |
rdamedia |
| Nombre/término del tipo de medio |
sin mediación |
| 337 ## - TIPO DE MEDIO |
| Código del tipo de medio |
n |
| Fuente |
isbdmedia |
| Nombre/término del tipo de medio |
sin mediación |
| 338 ## - TIPO DE SOPORTE |
| Código del tipo de soporte |
nga |
| Fuente |
RDAfrCarrier |
| Nombre/término del tipo de soporte |
volumen |
| 600 04 - PUNTO DE ACCESO ADICIONAL DE MATERIA--NOMBRE DE PERSONA |
| Nombre de persona |
Diderot, Denis- |
| Fechas asociadas al nombre |
1713-1784 |
| Subdivisión general |
Crítica e interpretación |
| 9 (RLIN) |
44512 |
| 655 #0 - TERMINO DE INDIZACIÓN--GENERO/FORMA |
| Datos o término principal de género/forma |
Conferencias |
| 9 (RLIN) |
234444 |
| 700 ## - ENTRADA AGREGADA--NOMBRE PERSONAL |
| Número de control del registro de autoridad o número normalizado |
(IdRef)027083810 |
| URI de un objeto del mundo real |
http://www.idref.fr/027083810/id |
| Nombre de persona |
Proust, Jacques, |
| Fechas asociadas al nombre |
1926-2005 |
| 9 (RLIN) |
238535 |
| 710 ## - ENTRADA AGREGADA--NOMBRE DE ENTIDAD CORPORATIVA |
| Número de control del registro de autoridad o número normalizado |
(IdRef)256119600 |
| URI de un objeto del mundo real |
http://www.idref.fr/256119600/id |
| Nombre de entidad corporativa o nombre de jurisdicción como elemento de entrada |
Centre culturel international de Cerisy-la-Salle |
| 9 (RLIN) |
238536 |
| 852 ## - LOCALIZACIÓN |
| Ubicación |
ES-MaACL |
| Ubicación en estantería |
Depósito 1 |
| Número de control de estantería |
A-15340 |
| Donativo/Legado |
Donación: José Manuel Duarte Cendán |
| itemnumber |
203977 |
| 886 2# - INFORMACIÓN DE CAMPO MARC FORÁNEO |
| 2 |
unimarc |
| a |
181 |
| -- |
i# |
| b |
xxxe## |
| 903 ## - NOMBRE PERSONAL DE DONANTE |
| a |
Duarte Cendán, José Manuel |
| q |
1 |
| e |
Donante |
| 9 |
238529 |
| 942 ## - ELEMENTOS DE ENTRADA SECUNDARIOS (KOHA) |
| Suprimir en OPAC |
No |
| Tipo de ítem Koha |
Libro impreso |